عرض عادي
عرض مارك
- Savage, Alice,
مدخل إسم شخص
001 - رقم الضبط
- حقل الضبط: 118869
003 - معرف رقم الضبط
- حقل الضبط: OSt
005 - تاريخ ووقت أخر عملية
- حقل الضبط: 20250210110157.0
008 - عناصر بيانات ثابتة الطول
- حقل تحكم ثابت الطول: 250210|| aca||aabn | a|a d
040 ## - مصدر الفهرسة
- هيئة الفهرسة الأصلية: OSt
- وكالة الكتابة: OSt
100 ## - مدخل -- أسم شخص
- إسم شخص: Savage, Alice,
- تواريخ مرتبطة بالاسم: 1962-
670 ## - بيانات المصدر موجوده
- الاستشهاد بالمصدر: Work cat.: (OSt)37231: Savage, Alice, 1962-, Effective academic writing. 1,, 2007.
